000 01654nam a2200349 a 4500
001 ebr10480034
003 CaPaEBR
006 m u
007 cr cn|||||||||
008 110224s2010 si ad sb 001 0 eng d
010 _z 2011280422
020 _z9814282588
020 _z9789814282581
020 _z9789814282598 (e-book)
040 _aCaPaEBR
_cCaPaEBR
035 _a(OCoLC)741557218
050 1 4 _aTK7874.8
_b.C83 2010eb
100 1 _aCuevas, Juan Carlos.
245 1 0 _aMolecular electronics
_h[electronic resource] :
_ban introduction to theory and experiment /
_cJuan Carlos Cuevas, Elke Scheer.
260 _aSingapore ;
_aHackensack, N.J. :
_bWorld Scientific Pub. Co.,
_c2010.
300 _axix, 703 p. :
_bill. (some col.).
490 1 _aWorld Scientific series in nanoscience and nanotechnology ;
_vv. 1
504 _aIncludes bibliographical references (p. 639-698) and index.
505 0 _apt. 1. Brief history of the field and experimental techniques -- pt. 2. Theoretical background -- pt. 3. Metallic atomic-size contacts -- pt. 4. Transport through molecular junctions -- pt. 5. Appendixes.
533 _aElectronic reproduction.
_bPalo Alto, Calif. :
_cebrary,
_d2013.
_nAvailable via World Wide Web.
_nAccess may be limited to ebrary affiliated libraries.
650 0 _aMolecular electronics.
655 7 _aElectronic books.
_2local
700 1 _aScheer, Elke.
710 2 _aebrary, Inc.
830 0 _aWorld Scientific series in nanoscience and nanotechnology ;
_vv. 1.
856 4 0 _uhttp://site.ebrary.com/lib/rucke/Doc?id=10480034
_zAn electronic book accessible through the World Wide Web; click to view
999 _c220466
_d220466